Original Cartoon Network Series Match Quiz Stats

Quiz Updated Jul 31, 2016

Challenge
Share
Tweet
Score 0/25 Timer 04:00
2 Plays Today
% Correct
The Powerpuff
97.8%
Ed, Edd
97.1%
Dexter's
95.9%
Johnny
94%
Cow and
92.6%
Courage
91.9%
Adventure
90.9%
Foster's Home for
87.5%
Ben
86%
Samurai
85.3%
Over The
85.2%
Dude, What
83.3%
Class of
81.6%
% Correct
The Grim Adventures of
79.3%
Regular
77.7%
We Bare
77.3%
My Gym Partner's
76%
Codename:
72.5%
Uncle
71.1%
The Amazing World of
70.5%
Steven
67.5%
Time
66.6%
Camp
65.6%
The Life and Times of
65.1%
The Marvelous Misadventures of
60.2%

You're not logged in!

Compare scores with friends on all Sporcle quizzes.
Sign Up with Email
OR
Log In

You Might Also Like...

Show Comments

Extras

Top Quizzes Today


Score Distribution

Your Account Isn't Verified!

In order to create a playlist on Sporcle, you need to verify the email address you used during registration. Go to your Sporcle Settings to finish the process.